|
|
|
|
| LEADER |
00000nam0a2200000 4500 |
| 001 |
4510 |
| 005 |
20251121162821.0 |
| 010 |
|
|
|a 5719500391
|
| 035 |
|
|
|a (RuTPU)RU\TPU\book\4534
|
| 035 |
|
|
|a BOOK00004553
|
| 090 |
|
|
|a 4510
|
| 100 |
|
|
|a 20011209d1996 k y0rusy50 ca
|
| 101 |
0 |
|
|a rus
|
| 102 |
|
|
|a RU
|
| 105 |
|
|
|a y z 000zy
|
| 200 |
1 |
|
|a Река времен
|e Книга истории и культуры
|h Кн. 5
|i Государь. Государство. Государственная служба
|
| 210 |
|
|
|a Москва
|c Эллис Лак
|d 1996
|c Река времен
|
| 215 |
|
|
|a 320 с.
|
| 606 |
|
|
|a Источниковедение
|2 stltpush
|3 (RuTPU)RU\TPU\subj\53356
|9 71654
|
| 606 |
|
|
|a Россия
|x История
|x Источники и источниковедение
|z кон. 17 в. - 1917
|9 89058
|
| 610 |
1 |
|
|a 18 век
|
| 610 |
1 |
|
|a 19 век
|
| 610 |
1 |
|
|a 20 век
|
| 610 |
1 |
|
|a культура
|
| 686 |
|
|
|a Т3(2)5
|2 rubbk
|
| 686 |
|
|
|a Т211
|2 rubbk
|
| 801 |
|
2 |
|a RU
|b 63413507
|c 20190111
|g PSBO
|
| 942 |
|
|
|c BK
|